Tamási Áron vonzásában
Elmentve itt :
| Szerző: | |
|---|---|
| Adatforrás: | Meister |
| Forrásdokumentuma: | Művelődés. - 5-6 sz., 1991, 49-50 p. |
| Nyelv: | magyar |
| Kulcsszavak: | irodalomtörténet kulturális intézmények TAMÁSI Áron Kossuth-klub |
| LEADER | 00427nab a2200157 i 4500 | ||
|---|---|---|---|
| 001 | bibPRO00002836 | ||
| 008 | 060524s1991 xx hun | ||
| 040 | |a Sz1 | ||
| 041 | |a hun | ||
| 100 | 1 | |a CZINE Mihály | |
| 245 | 1 | 0 | |a Tamási Áron vonzásában |c CZINE Mihály |
| 695 | |a irodalomtörténet | ||
| 695 | |a kulturális intézmények | ||
| 695 | |a TAMÁSI Áron | ||
| 695 | |a Kossuth-klub | ||
| 773 | 0 | |t Művelődés. - |g 5-6 sz., 1991, 49-50 p. | |